แผนที่เมืองหลวงของประเทศอยู่ที่ไหน? - Statistics

General Stats
  • This quiz has been taken 599 times
  • The average score is 5 of 15
Answer Stats
Question Answer % Correct
.
48%
.
45%
.
41%
.
39%
.
38%
.
36%
.
32%
.
30%
.
30%
.
29%
.
27%
.
26%
.
23%
.
22%
.
20%
No matching quizzes found
Score Distribution
Percent of People with Each Score
Percentile by Number Answered
Your Score History
You have not taken this quiz